000 00710nam a2200289Ia 4500
005 20260324143204.0
008 008 260324s9999 xx 000 0 eng d
020 _a9780203767894
037 _aEBOOK
040 _aCRL
040 _beng
040 _cCRL
041 _2eng
041 _aeng
084 _qCRL
100 _aSam Ed Brown
_91214714
245 0 _aGentle Rain And Loving Sun
245 0 _bActivities For Developing A Healthy Self-Concept In Young Children
260 _bTaylor and Francis
260 _c1992
365 _a
365 _b195
856 _uhttp://www.taylorfrancis.com/books/9780203767894
942 _cEBOOK
999 _c1819821
_d1819821